En torno al pensamiento de José Martí /
保存先:
| 第一著者: | |
|---|---|
| その他の著者: | , |
| フォーマット: | 図書 |
| 言語: | Spanish |
| 出版事項: |
Heredia, Costa Rica :
Universidad Nacional, Facultad de Filosofía y Letras, Instituto de Estudios Latinoamericanos, Maestría en Estudios Latinoamericanos,
2002.
|
| 版: | 1. ed. |
| 主題: | |
| タグ: |
タグ追加
タグなし, このレコードへの初めてのタグを付けませんか!
|
MARC
| LEADER | 00000cam a2200000 a 4500 | ||
|---|---|---|---|
| 001 | 13388198 | ||
| 005 | 20240216143848.0 | ||
| 008 | 020916s2002 cr c 000 0dspa d | ||
| 020 | |a 9968260118 | ||
| 040 | |a TJC |c TJC |d OCLCQ |d DLC | ||
| 082 | |a Cu864.2D |b M378gn | ||
| 100 | 1 | |a González Patricio, Rolando. | |
| 245 | 1 | 0 | |a En torno al pensamiento de José Martí / |c Rolando González Patricio, Rafael Cuevas Molina, Mario Víquez Vargas. |
| 246 | 1 | 4 | |a En torno al pensamiento José Martí |
| 250 | |a 1. ed. | ||
| 260 | 1 | |a Heredia, Costa Rica : |b Universidad Nacional, Facultad de Filosofía y Letras, Instituto de Estudios Latinoamericanos, Maestría en Estudios Latinoamericanos, |c 2002. | |
| 300 | |a 127 páginas : |c 28 cm. | ||
| 505 | 0 | |a Nuestro Martí / Rafael Cuevas Molina -- Tres aproximaciones a José Martí / Rolando González Patricio -- José Martí y su vigencia en el escenario actual : entrevista / Mario Víquez Vargas. | |
| 600 | 1 | 0 | |a Martí, José, |d 1853-1895 |x Political and social views. |
| 700 | 1 | |a Cuevas Molina, Rafael, |d 1954- |9 73 | |
| 700 | 1 | |a Víquez Vargas, Mario, |d 1957- | |
| 942 | |2 ddc |c BK |h Cu864.2D M378gn |6 CU_864_000000000000000_2D_M378GN | ||
| 999 | |c 22337 |d 22337 | ||



